Don't get caught in the web (Record no. 65386)
[ view plain ]
| 000 -LEADER | |
|---|---|
| fixed length control field | 01319cam a2200253 4500 |
| 001 - CONTROL NUMBER | |
| control field | ABS63217 |
| 008 - FIXED-LENGTH DATA ELEMENTS--GENERAL INFORMATION | |
| fixed length control field | 000000n2000 000 0 eng u |
| 035 ## - SYSTEM CONTROL NUMBER | |
| System control number | (Sirsi) u109523 |
| 100 ## - MAIN ENTRY--PERSONAL NAME | |
| Personal name | Perkins, D |
| 245 ## - TITLE STATEMENT | |
| Title | Don't get caught in the web |
| 260 ## - PUBLICATION, DISTRIBUTION, ETC. | |
| Date of publication, distribution, etc. | 2000 |
| 490 ## - SERIES STATEMENT | |
| Series statement | Negotiator |
| Volume/sequential designation | 15(22) 17 November 2000, 10(1) |
| 520 ## - SUMMARY, ETC. | |
| Summary, etc. | Argues that estate agents who promote their property via the internet should ensure they are sufficiently covered in their agency agreements, or any sales they make could be challenged. Outlines the basic requirements of the Estate Agents Act 1979 s18, but suggests that estate agents should cover further aspects to avoid future misunderstandings. Concludes that the new Unfair Terms in Consumer Contracts Regulations 1999 has further complicated the situation - estate agents will have to make their terms of engagement so clear and straightfoward there is no room for challenges. |
| 590 ## - LOCAL NOTE (RLIN) | |
| Local note | ABS |
| 650 ## - SUBJECT ADDED ENTRY--TOPICAL TERM | |
| Topical term or geographic name entry element | SOLE AGENCY |
| 650 ## - SUBJECT ADDED ENTRY--TOPICAL TERM | |
| Topical term or geographic name entry element | ESTATE AGENTS |
| 650 ## - SUBJECT ADDED ENTRY--TOPICAL TERM | |
| Topical term or geographic name entry element | AGENCY AGREEMENTS |
| 650 ## - SUBJECT ADDED ENTRY--TOPICAL TERM | |
| Topical term or geographic name entry element | ESTATE AGENTS ACT 1979 |
| 650 ## - SUBJECT ADDED ENTRY--TOPICAL TERM | |
| Topical term or geographic name entry element | UNFAIR TERMS IN CONSUMER CONTRACTS REGULATIONS 1999 |
| 650 ## - SUBJECT ADDED ENTRY--TOPICAL TERM | |
| Topical term or geographic name entry element | ESTATE AGENTS (PROVISION OF INFORMATION) REGULATIONS 1991 |
| 650 ## - SUBJECT ADDED ENTRY--TOPICAL TERM | |
| Topical term or geographic name entry element | INTERNET |
| 690 ## - LOCAL SUBJECT ADDED ENTRY--TOPICAL TERM (OCLC, RLIN) | |
| Topical term or geographic name as entry element | MANAGEMENT-BUSINESS MANAGEMENT-PROFESSIONAL PRACTICE |
| 942 ## - ADDED ENTRY ELEMENTS (KOHA) | |
| Suppress in OPAC | 0 |
| Withdrawn status | Lost status | Source of classification or shelving scheme | Damaged status | Not for loan | Home library | Current library | Shelving location | Date acquired | Total Checkouts | Full call number | Barcode | Date last seen | Copy number | Price effective from | Koha item type |
|---|---|---|---|---|---|---|---|---|---|---|---|---|---|---|---|
| Dewey Decimal Classification | London | London | Journal article | 27/11/2000 | ABS63217 | 109523-1001 | 06/08/2019 | 1 | 06/08/2019 | Journal article |